000 00739nam a2200253Ia 4500
003 OSt
005 20220928102144.0
006 a|||||r|||| 00| 0
007 ta
008 220927b |||||||| |||| 00| 0 eng d
020 _c295
024 _a118626
037 _b462, 12/02/2013, Swaraj Prakashan
_cTextual
040 _aSDCL
_cSDCL
_beng
041 _2eng
_aeng
082 _aY72.2'P, Q2
100 _aGupta Ramnika Ed.
_9396833
245 0 _aAadivasi asmita ki padtaal karte sakshatkar.
260 _aNew Delhi
_bSwaraj Prakashan
_c2012
300 _a144p
_ccm.
650 _aHindi
_9391598
942 _hY72.2'P, Q2
_cTEXL
_2CC
999 _c712597
_d712597